Statystyki dla Piłkarze Crystal Palace

Kliknij tutaj aby rozwiązać quiz!

Ogólne statystyki

  • Ten quiz został rozwiązany 12 razy
  • Średni wynik to 13 z 29

Statystyki odpowiedzi

PiłkarzNarodowośćPozycja% Poprawnych
Joachim AndersenDaniaObrońca
92%
Jordan AyewGhanaNapastnik
92%
Michael OliseFrancjaNapastnik
92%
Eberechi EzeAngliaPomocnik
83%
Cheick DoucouréMaliPomocnik
75%
Odsonne EdouardFrancjaNapastnik
75%
Jean-Philippe MatetaFrancjaNapastnik
67%
Sam JohnstoneAngliaBramkarz
67%
Joel WardAngliaObrońca
58%
Marc GuéhiAngliaObrońca
58%
Matheus FrançaBrazyliaPomocnik
58%
Dean HendersonAngliaBramkarz
50%
Jefferson LermaKolumbiaPomocnik
50%
Tyrick MitchellAngliaObrońca
50%
Jairo RiedewaldHolandiaPomocnik
42%
Jeffrey SchluppGhanaPomocnik
42%
Will HughesAngliaPomocnik
42%
Chris RichardsUSAObrońca
33%
Daniel MuñozKolumbiaObrońca
33%
James TomkinsAngliaObrońca
33%
Adam WhartonAngliaPomocnik
25%
Nathaniel ClyneAngliaObrońca
25%
Jesurun Rak-SakyiAngliaNapastnik
17%
Luke PlangeAngliaNapastnik
17%
Remi MatthewsAngliaBramkarz
17%
Rob HoldingAngliaObrońca
17%
Joe WhitworthAngliaBramkarz
8%
Naouirou AhamadaFrancjaPomocnik
8%
Nathan FergusonAngliaObrońca
8%

Rozkład punktacji

Percentyl według liczby udzielonych odpowiedzi

Procent ludzi z każdym wynikiem

Twoja historia wyników

Nie rozwiązałeś tego quizu